000 00246nam a2200097Ia 4500
001 1048700
005 20250826232259.0
008 250824s9999 xx 000 0 und d
245 0 _aACAİBÜL MAHLUKAT
_cAYKUT ERTUĞRUL
260 _bKETEBE YAYINLARI
999 _c1048700
_d1048700